<?xml version="1.0" encoding="UTF-8" ?>
<collection xmlns="http://www.loc.gov/MARC21/slim"><record><leader>01019nam a2200217 c 4500</leader><controlfield tag="001">174141</controlfield><controlfield tag="003">Zü176</controlfield><controlfield tag="005">20170728171734.0</controlfield><datafield tag="035" ind1=" " ind2=" "><subfield code="a">(OCoLC)952984185</subfield></datafield><datafield tag="041" ind1=" " ind2=" "><subfield code="a">ger</subfield></datafield><datafield tag="100" ind1="1" ind2="0"><subfield code="a">Kirchner, Ernst Ludwig </subfield><subfield code="d">1880-1938</subfield></datafield><datafield tag="245" ind1="0" ind2="0"><subfield code="a">Postkarte, An die Zürcher Kunstgesellschaft Zürich Kunsthaus, Kreuzlingen, den 8. Feb. 1918. An die Kunstgesellschaft, Kunsthaus Zürich!</subfield><subfield code="b">Sehr geehrter Herr! ...</subfield><subfield code="c">In grosser Hochachtung ergebenst E.L. Kirchner</subfield><subfield code="h">Manuskript</subfield></datafield><datafield tag="260" ind1=" " ind2=" "><subfield code="a">Kreuzlingen</subfield><subfield code="c">1918</subfield></datafield><datafield tag="300" ind1=" " ind2=" "><subfield code="a">1 Blatt</subfield><subfield code="c">9 x 14 cm</subfield></datafield><datafield tag="500" ind1=" " ind2=" "><subfield code="a">Nur die Unterschrift des Briefes ist in der Handschrift von Ernst Ludwig Kirchner verfasst</subfield></datafield><datafield tag="600" ind1="1" ind2="7"><subfield code="a">Kirchner, Ernst Ludwig</subfield><subfield code="d">1880-1938</subfield><subfield code="x">Postkarte</subfield><subfield code="x">Handschrift</subfield><subfield code="2">gnd</subfield></datafield><datafield tag="610" ind1="2" ind2="7"><subfield code="a">Kunsthaus Zürich</subfield><subfield code="x">Ausstellung</subfield><subfield code="x">Geschäftsbrief</subfield><subfield code="2">gnd</subfield></datafield><datafield tag="710" ind1="2" ind2="0"><subfield code="a">Kunsthaus Zürich</subfield></datafield><datafield tag="710" ind1="2" ind2="0"><subfield code="a">Zürcher Kunstgesellschaft</subfield><subfield code="e">Adressat</subfield></datafield><datafield tag="852" ind1="4" ind2="0"><subfield code="a">CH-000273-5</subfield><subfield code="c">10.30.30.164a.kirchner.19180208</subfield></datafield><datafield tag="856" ind1="4" ind2="1"><subfield code="u">https://digital.kunsthaus.ch:443/viewer/image/174141/1/</subfield><subfield code="y">Kunsthaus Zürich Sammlungen online</subfield></datafield></record></collection>